| 000 | 00446nam a2200181Ia 4500 | ||
|---|---|---|---|
| 001 | 10780 | ||
| 005 | 20260306161857.0 | ||
| 008 | 260306t1966||||xx |||||||||||||| ||spa|| | ||
| 041 | _aESP | ||
| 082 |
_a951 _bCH526 |
||
| 100 |
_aChassín, L. M. _eAUT |
||
| 245 | 0 |
_aLa conquista de China por Mao Tsé-Tung: _b(1945-1949) |
|
| 260 | _c1966 | ||
| 300 |
_a284 páginas : _c18 cm. |
||
| 650 | _aGEN | ||
| 654 | _aCHU | ||
| 942 |
_cLIB _dJUS _fJUS _2ddc _n |
||
| 999 |
_c10780 _d10780 |
||